000 00353 a2200109 4500
001 ART_53615
005 20260410161822.0
008 260409a
245 1 0 _aLa negación de la prueba en la administración tributaria
100 1 _aVega, Gerardo E.
773 0 _tDoctrina Penal Tributaria y Económica
_g- N° 61 (set. 2021)
_wREV4317
999 _c22486
_d22486